000 01167cam a22003257a 4500
003 CHAP
005 20220817042240.0
008 971013s1995 r 00010 d
010 _a38649
011 _a39621
035 _a43742
040 _cCHAP
082 _a632.6513
_bC5
100 0 0 _aCid del Prado Vera, Ignacio.
_923082
245 0 _aClave de nemátodos del orden Tylenchida subórdenes Tylenchina y Aphelenchina
260 _aMontecillo, Méx. :
_bColegio de Postgraduados. Programa de Fitopatología,
_c1995
300 _a67 p.
590 _aBATCH-UPD
_b10
_c20130110
_lUCH01
_h0210
590 _aBATCH-UPD
_b10
_c20130110
_lUCH01
_h1900
590 _aBATCH-UPD
_b10
_c20130410
_lUCH01
_h1228
590 _aBATCH-UPD
_b10
_c20130914
_lUCH01
_h0932
590 _aCONVERSION
_b10
_c20130109
_lUCH01
_h1321
650 1 4 _aNemátodos parásitos de plantas.
650 1 4 _aTylenchidae.
_9115730
901 _aBK
942 _cLIBRO
949 _a632.6513 C5
_bBC
_cLIBRO
_d33724000179727
_eLIBRO
_h87873
_i43742
_mD
_si
949 _a632.6513 C5
_bBC
_cLIBRO
_d33724000179735
_eLIBRO
_h87872
_i43742
_mD
_si
949 _a632.6513 C5
_bBC
_cUACH
_d-100042
_eUACH
_h87874
_i43742
_mD
_si
999 _c38649
_d38649